| 000 | 01003cam a2200325 4500500 | ||
|---|---|---|---|
| 005 | 20260329005644.0 | ||
| 041 | _afre | ||
| 042 | _adc | ||
| 100 | 1 | 0 |
_aEnjalbert, Cédric _eauthor |
| 700 | 1 | 0 |
_aLacroix, Alexandre _eauthor |
| 700 | 1 | 0 |
_aEltchaninoff, Michel _eauthor |
| 700 | 1 | 0 |
_ade Oliveira, Victorine _eauthor |
| 245 | 0 | 0 | _aComment en est-on arrivé là ? Quatre classiques éclairent la crise politique actuelle |
| 260 | _c2024. | ||
| 500 | _a70 | ||
| 690 | _aColère | ||
| 690 | _aDémocratie | ||
| 690 | _aDialectique du maître et de l’esclave | ||
| 690 | _aGramsci | ||
| 690 | _aHegel | ||
| 690 | _aHégémonie | ||
| 690 | _aHobbes | ||
| 690 | _aLégislative | ||
| 690 | _aPeur | ||
| 690 | _aPolitique | ||
| 690 | _aRassemblement national | ||
| 690 | _aTocqueville | ||
| 786 | 0 | _nPhilosophie magazine | 181 | 6 | 2024-07-01 | p. 8-17 | 1951-1787 | |
| 856 | 4 | 1 | _uhttps://shs.cairn.info/magazine-philosophie-magazine-2024-6-page-8?lang=fr&redirect-ssocas=7080 |
| 999 |
_c1845301 _d1845301 |
||